Wireless and mobile all-IP networks (Record no. 8348)
[ view plain ]
| 000 -LEADER | |
|---|---|
| fixed length control field | 00762 a2200205 4500 |
| 020 ## - INTERNATIONAL STANDARD BOOK NUMBER | |
| International Standard Book Number | 0471749222 |
| 040 ## - CATALOGING SOURCE | |
| Original cataloging agency | DLC |
| Language of cataloging | DLC |
| 100 1# - MAIN ENTRY--PERSONAL NAME | |
| Personal name | Lin, Jason Yi-Bing. |
| 245 10 - TITLE STATEMENT | |
| Title | Wireless and mobile all-IP networks |
| Statement of responsibility, etc. | Yi-Bing Lin and Ai-Chun Pang. |
| 246 3# - VARYING FORM OF TITLE | |
| Title proper/short title | Wireless and mobile all-IP networks [electronic resource] |
| 260 ## - PUBLICATION, DISTRIBUTION, ETC. | |
| Place of publication, distribution, etc. | Indianapolis, IN : |
| Name of publisher, distributor, etc. | Wiley, |
| Date of publication, distribution, etc. | c2005. |
| 300 ## - PHYSICAL DESCRIPTION | |
| Extent | xxiii, 504 p. : |
| Other physical details | ill. ; |
| Dimensions | 25 cm. |
| 650 #0 - SUBJECT ADDED ENTRY--TOPICAL TERM | |
| Topical term or geographic name entry element | Wireless communication systems. |
| 650 #0 - SUBJECT ADDED ENTRY--TOPICAL TERM | |
| Topical term or geographic name entry element | Mobile communication systems. |
| 650 #0 - SUBJECT ADDED ENTRY--TOPICAL TERM | |
| Topical term or geographic name entry element | Computer network protocols. |
| 700 1# - ADDED ENTRY--PERSONAL NAME | |
| Personal name | Pang, Ai-Chun. |
| 710 2# - ADDED ENTRY--CORPORATE NAME | |
| Corporate name or jurisdiction name as entry element | NetLibrary, Inc. |
| 856 41 - ELECTRONIC LOCATION AND ACCESS | |
| Uniform Resource Identifier | <a href="http://libproxy1.nus.edu.sg/login?url=http://www.netLibrary.com/urlapi.asp?action=summary&v=1&bookid=144126">http://libproxy1.nus.edu.sg/login?url=http://www.netLibrary.com/urlapi.asp?action=summary&v=1&bookid=144126</a> |
| 942 ## - ADDED ENTRY ELEMENTS (KOHA) | |
| Koha item type | Book |
| Call number prefix | 621.3845 BIN |
| Source of classification or shelving scheme | |
| Withdrawn status | Lost status | Damaged status | Not for loan | Collection code | Permanent Location | Current Location | Shelving location | Date acquired | Source of acquisition | Cost, normal purchase price | Total Checkouts | Full call number | Barcode | Date last seen | Price effective from | Koha item type |
|---|---|---|---|---|---|---|---|---|---|---|---|---|---|---|---|---|
| Central Library (CL) | Central Library (CL) | General Stacks | 06/12/2006 | A&J DEF Tek Consultant | 5620.95 | 621.3845 BIN | SEECS007442 | 11/14/2012 | 01/05/2017 | Book |
